000 03389nam0a2200505 4500
001 RU\NLR\bibl\1787990
005 20260607063639.0
010 _a5-88373-173-2
_bв пер.
_91000
035 _a(nilc)EL/0000009321
035 _aBELG\bibl\0000087391
035 _aEL/0000050994
035 _a(NLR Aleph) 001778707
090 _a1683766
_c1683766
100 _a20040812d2003 |||y0rusy50 ca
101 1 _arus
_clat
102 _aRU
105 _ay |||||||||
200 1 _aИсповедь
_fАврелий Августин
_g[пер. с лат. М. Е. Сергеенко]
210 _aМосква
_cКанон+
_cРООИ "Реабилитация"
_d2003
215 _a462, [1] с.
_d21
225 1 _aИстория христианской мысли в памятниках
_fредкол.: ... Л.С. Чибисенков (пред.)
320 _aБиблиогр. в примеч.: с. 388-449
320 _aДр. произведения Августина: с. 453
320 _aУказ. ист. лиц, мифол. и библейс. персонажей, упоминаемых в "Исповеди": с. 461-462
327 1 _aСодержание: Исповедь блаженного Августина, епископа Гиппонского
_aВ прил.: Аврелий Августин. Жизнь, учение и его судьбы; "Исповедь". История создания. Жанр. Проблемы достоверности / А. А. Столяров. Жизнь Августина / Поссидий Каламский
464 0 _12001#$aАврелий Августин. Жизнь, учение и его судьбы$a"Исповедь". История создания. Жанр. Проблемы достоверности$fА. А. Столяров
_1700#1$aСтоляров$bА. А.$gАлександр Арнольдович$4070
_t"Исповедь". История создания. Жанр. Проблемы достоверности
_aСтоляров, Александр Арнольдович
464 0 _12001#$aЖизнь Августина$fПоссидий Каламский
_1700#1$3RU\NLR\auth\77100582$aПоссидий$bепископ Каламский$f-ок. 437$4070
_tЖизнь Августина
_aПоссидий, епископ Каламский (-ок. 437)
517 0 _aИсповедь блаженного Августина, епископа Гиппонского
606 1 _aБогословие христианское
_91017361
_3RU\NLR\auth\6670547
606 1 _aПлатонизм христианский
_92168585
_3RU\NLR\auth\661304633
686 _a87.3(0)414
_a86.37-4
_2rubbk
686 _a02.91.09
_2rugasnti
686 _a87.3(0)
_2rubbk
686 _aЭ37-4
686 _aЮ3(0)414-335
700 0 _4070
_7ca
_8rus
_aАвгустин Аврелий
_cепископ Гиппонийский
_f354-430
_9113342
_3RU\NLR\AUTH\773342
702 1 _4730
_7ca
_8rus
_aСергеенко
_bМ. Е.
_f1891-1987
_gМария Ефимовна
_9120662
_3RU\NLR\auth\7710901
801 0 _aRU
_bАрхангельская ОНБ
_c20040812
_gRCR
801 2 _aRU
_bБелгородская ГУНБ
_c20060217
801 2 _aRU
_bБелгородская ГУНБ
_c20060131
_gPSBO
801 2 _aRU
_bNLR
_c20101113
_grcr
942 _cBOOK
980 _aNB